UM Logo

Single-stage multi-input buck type high-frequency link's inverters with series and simultaneous power supply / (Record no. 19503)

MARC details
000 -LEADER
fixed length control field 00927nam a22002177a 4500
003 - CONTROL NUMBER IDENTIFIER
control field OSt
005 - DATE AND TIME OF LATEST TRANSACTION
control field 20251007162228.0
008 - FIXED-LENGTH DATA ELEMENTS--GENERAL INFORMATION
fixed length control field 240301b ||||| |||| 00| 0 eng d
040 ## - CATALOGING SOURCE
Transcribing agency 0
082 ## - DEWEY DECIMAL CLASSIFICATION NUMBER
Classification number DPer 621.317 Ie21 June 2022 v. 37 n. 6
100 ## - MAIN ENTRY--PERSONAL NAME
Personal name Chen, Daolian.
Relator term author.
9 (RLIN) 53911
245 ## - TITLE STATEMENT
Title Single-stage multi-input buck type high-frequency link's inverters with series and simultaneous power supply /
Statement of responsibility, etc. Daolian Chen, Tao Zhao, Lu Han, and Zhijian Feng.
260 ## - PUBLICATION, DISTRIBUTION, ETC. (IMPRINT)
Place of publication, distribution, etc. New York ;
Name of publisher, distributor, etc. The Institute of Electrical and Electronics Engineers, Inc. ,
Date of publication, distribution, etc. June 2022.
300 ## - PHYSICAL DESCRIPTION
Extent Volume 37, pages 7411-7421 :
Other physical details illustration ;
Dimensions 28 cm.
500 ## - GENERAL NOTE
General note IEEE Transactions on Power Electronics, vol. 37, no. 6, pages 7411-7421, June 2022.
700 ## - ADDED ENTRY--PERSONAL NAME
Personal name Chen, Daolian.
Relator term author.
9 (RLIN) 53911
700 ## - ADDED ENTRY--PERSONAL NAME
Personal name Zhao, Tao.
Relator term author.
9 (RLIN) 53912
700 ## - ADDED ENTRY--PERSONAL NAME
Personal name Han, Lu.
Relator term author.
9 (RLIN) 53913
700 ## - ADDED ENTRY--PERSONAL NAME
Personal name Feng, Zhijian.
Relator term author.
9 (RLIN) 53914
942 ## - ADDED ENTRY ELEMENTS (KOHA)
Source of classification or shelving scheme Dewey Decimal Classification
Koha item type Periodicals
Holdings
Withdrawn status Lost status Source of classification or shelving scheme Damaged status Not for loan Collection code Home library Current library Date acquired Total Checkouts Full call number Date last seen Price effective from Koha item type Public note
    Dewey Decimal Classification     Periodicals UM Digos College - LIC UM Digos College - LIC 03/01/2024   DPer 621.317 Ie21 June 2022 v.37 n. 6 03/01/2024 03/01/2024 Periodicals Periodical Article